Top 15 Things To Do In Orlando - Statistics

General Stats
  • This quiz has been taken 10 times
  • The average score is 4 of 15
Answer Stats
Hint Answer % Correct
2 - Amusement/Theme Park Universal Studios Florida
78%
6 - Amusement/Theme Park Disney's Animal Kingdom
56%
11 - Water Park Disney's Blizzard Beach
44%
5 - Amusement/Theme Park SeaWorld
44%
4 - Shopping Disney Springs
33%
10 - Water Park Disney's Typhoon Lagoon
33%
7 - Amusement/Theme Park Epcot
33%
1 - Water Park Discovery Cove
22%
3 - Amusement/Theme Park Universal Islands of Adventure
22%
9 - Amusement/Theme Park Fun Spot America
11%
15 - Arena/Stadium Kia Center
11%
14 - Shopping Disney's Boardwalk
0%
12 - Public Park Lake Eola Park
0%
8 - Shopping Orlando International Premium Outlets
0%
13 - Shopping Orlando Vineland Premium Outlets
0%
No matching quizzes found
Score Distribution
Percent of People with Each Score
Percentile by Number Answered
Your Score History
You have not taken this quiz